01558naa a22002657a 450000500170000000800410001704000250005804100080008304400070009110000280009824501710012626000840029730000480038150400570042952003280048654600490081465000580086365000600092165000460098165000480102770000320107570000280110770000340113577301230116920150723124334.0150723b2015 ck |||| r|||| 00| 0 spa d aCO-BoIAVHcCO-BoIAVH aspa ack1 aTejda Tovar, Candelaria10aAbsorción de Cromo Hexavalante en soluciones acuosas por casacaras de naranjab(Citrus sinensis) /cCalendaria Tejada Tovar, Edgar Quiñones Bolaños... [et. al.]3 aCaldas, Antioquía (Colombia):bCorporación Universitaria Lasallista,c2015. a Año 2015, Nro 1, Enero-Junio, Pag. 9-21. aIncluye referencias bibliográficas (Pág. 20-21). aEl cromo se encuentra en efluentes industriales principalmente como Cr (III) y (Cr (VI); este ultimo es altamente tóxico para todas las formas de vida, además de mutagénico y carcigénico en el hombre. El objetivo es estudiar la cáscara de naranja (Citrus sinesis) como absorvente de Cr (VI) en soluciones acuosas. aResumen también en inglés y portugués. 4aSustancias químicasvInvestigaciónxNaranja dulce 4aSustancias químicasvInvestigaciónxCitrus sinensis 4aNaranja DulcevInvestigaciónxCáscara 4aCitrus sinensisvInvestigaciónxCáscara1 aQuiñomes Bolaños, Edgar1 aTejada Benítez, Lesly1 aMarimón Bolívar, Wilfredo0 dCaldas (Antioquia) : Corporación Universitaria Lasallista, 2006- .o042058tProducción más limpia / x19090455